000 00533nam a2200181Ia 4500
999 _c15960
_d15960
003 OSt
005 20200606115838.0
008 190216s9999||||xx |||||||||||||| ||und||
020 _a8173410844
040 _cMESKC library
082 _a954
_bSID/K
100 _aSiddiqe, Kamal Ahammad
_9447
245 0 _aKashmir Yek Manjarnama /
_cKamal Ahammad Siddiqe
260 _bIndira Publications and Distributions,
_aDelhi:
_c1999.
300 _a208p
650 _aHindi
942 _cBK
_2ddc
_h954
_iSID/K
_k954
_mSID/K